00426nmm a2200157Ia 4500008004100000020001800041041000800059100002200067245002200089264004100111300001800152650002300170856005100193942000700244999001700251251105s9999||||xx |||||||||||||||||und|| a9788435061261 aspa aGranados, Juan A. 0aEl gran capitán a[Madrid, España] :bEdhasa, c2015 a640 páginas aHistorical fiction uhttps://public.digitaliapublishing.com/a/40152 cCF c82193d82193